Experimental gravitation (Record no. 11778)

MARC details
000 -LEADER
fixed length control field 00844nam a2200205Ia 4500
003 - CONTROL NUMBER IDENTIFIER
control field IN-BaIIA
008 - FIXED-LENGTH DATA ELEMENTS--GENERAL INFORMATION
fixed length control field 211028s9999 xx 000 0 eng d
020 ## - INTERNATIONAL STANDARD BOOK NUMBER
International Standard Book Number 0-7503-0303-4
040 ## - CATALOGING SOURCE
Transcribing agency IIA Library
080 ## - UNIVERSAL DECIMAL CLASSIFICATION NUMBER
Universal Decimal Classification number 524.834(063)
Item number EXP
111 ## - MAIN ENTRY--MEETING NAME
Meeting name or jurisdiction name as entry element International Symposium on Experimental Gravitation on Nathiagali
Location of meeting Nathiagali
Date of meeting or treaty signing 1993 June 26-July 2
9 (RLIN) 20418
245 #0 - TITLE STATEMENT
Title Experimental gravitation
Remainder of title proceedings of the international Symposium on Experimental gravitation on Nathiagali, Pakistan, 26 Jun - 2 Jul 1993
Statement of responsibility, etc. edited by M. Karim and A.Qadir
260 ## - PUBLICATION, DISTRIBUTION, ETC.
Place of publication, distribution, etc. Bristol
Name of publisher, distributor, etc. Institute of Physics
Date of publication, distribution, etc. 1994
300 ## - PHYSICAL DESCRIPTION
Extent [various pagings.]
650 ## - SUBJECT ADDED ENTRY--TOPICAL TERM
Topical term or geographic name entry element Gravitation
650 ## - SUBJECT ADDED ENTRY--TOPICAL TERM
Topical term or geographic name entry element Relativistic gravitation
9 (RLIN) 20419
700 ## - ADDED ENTRY--PERSONAL NAME
Personal name Karim, M., ed.
9 (RLIN) 20420
700 ## - ADDED ENTRY--PERSONAL NAME
Personal name Qadir, A., ed.
9 (RLIN) 20421
942 ## - ADDED ENTRY ELEMENTS (KOHA)
Koha item type Books
Holdings
Withdrawn status Lost status Damaged status Not for loan Home library Current library Shelving location Date acquired Source of acquisition Total Checkouts Full call number Barcode Date last seen Price effective from Koha item type
        IIA Library-Bangalore IIA Library-Bangalore General Stacks 14/06/1996 HEF   524.834(063)/ EXP 12693 05/11/2021 14/06/1996 Books

Powered by Koha